000 00843nam a22002415i 4500
001 165927
003 ES-MaACL
005 20251001180630.0
008 050913q18901910xxk | |||||||| ||eng d
040 _aCAM
_bspa
_cCAM
100 1 _aSwift, Jonathan.
_9108944
245 1 0 _aJournal to Stella /
_cby Jonathan Swift; with the notes of Sir Walter Scott.
260 _aLondon ;
_aNew York :
_bGeorge Routledge & Sons :
_bE.P. Dutton & Co.,
_c[s.a.]
300 _aVIII, 449 p. ;
_c16 cm.
490 1 _aSwift's Works ;
_v1
596 _aImpresa ca. 1890-1910.
700 1 _aScott, Walter,
_cSir,
_d1771-1832
_eanot.
_9104957
752 _aGran BretaƱa -
_dLondres
752 _aEstados Unidos -
_dNueva Work
830 0 _aSwift's Works ;
_v1
_9222506
852 _aES-MaACL
_jG-14927
_z-- Enc. tela verde
999 _c165927
_d165927